|
|
|
|
| LEADER |
01499nam a2200265 a 4500 |
| 001 |
3902262 |
| 008 |
091221s1990 bg ab b f000 0 eng d |
| 010 |
|
|
|a 90907020
|
| 020 |
|
|
|c Tk100.00 ($10.00 U.S.)
|
| 040 |
|
|
|a DLC
|c DLC
|d DLC
|d BD-DhAAL
|
| 082 |
0 |
0 |
|a 307.72/095492
|2 20
|
| 100 |
1 |
|
|a Adnan, Shapan.
|
| 245 |
1 |
0 |
|a Annotation of village studies in Bangladesh and West Bengal :
|b a review of socio-economic trends over 1942-88 /
|c Shapan Adnan.
|
| 260 |
|
|
|a Kotabari, Comilla :
|b Bangladesh Academy for Rural Development,
|c 1990.
|
| 300 |
|
|
|a 290 p. :
|b ill., maps ;
|c 23 cm.
|
| 504 |
|
|
|a Includes bibliographical references.
|
| 541 |
1 |
|
|e 00005345
|
| 650 |
|
0 |
|a Villages
|z Bangladesh.
|
| 650 |
|
0 |
|a Villages
|z India
|z West Bengal.
|
| 852 |
4 |
|
|a Ayesha Abed Library
|j General Shelf.
|
| 999 |
|
|
|c 6322
|d 6322
|
| 952 |
|
|
|0 0
|1 0
|2 ddc
|4 0
|6 307_720954920000000_ADN_1990
|7 0
|9 6372
|a BRACUL
|b BRACUL
|c GEN
|d 2009-12-23
|g 100.00
|l 1
|m 12
|o 307.72095492 ADN
|p 3010005345
|r 2014-05-06
|s 2014-02-11
|t 1
|w 2009-12-23
|y BK
|
| 952 |
|
|
|0 0
|1 0
|2 ddc
|4 0
|6 307_720954920000000_ADN
|7 0
|9 23273
|a BRACUL
|b BRACUL
|c GEN
|d 2013-08-29
|g 100.00
|l 0
|o 307.72095492 ADN
|p 3010003913
|r 2013-08-29
|t 2
|w 2013-08-29
|y BK
|
| 952 |
|
|
|0 0
|1 0
|2 ddc
|4 0
|6 307_720954920000000_ADN
|7 0
|9 23274
|a BRACUL
|b BRACUL
|c GEN
|d 2013-08-29
|g 100.00
|l 0
|o 307.72095492 ADN
|p 3010003910
|r 2013-08-29
|t 3
|w 2013-08-29
|y BK
|
| 952 |
|
|
|0 0
|1 0
|2 ddc
|4 0
|6 307_720954920000000_ADN
|7 0
|9 44330
|a BRACUL
|b BRACUL
|c GEN
|d 2014-12-04
|g 100.00
|l 1
|o 307.72095492 ADN
|p 3010003909
|r 2017-05-23
|s 2017-01-24
|t 4
|w 2014-12-04
|y BK
|